00659cam a22001933a 450000100060000000300060000600500170001200800410002904000150007004200070008510000290009224501730012126000290029450600300032351600200035370000210037383000290039485600420042340803PGUSA20140828083919.0120919s2012||||xxu|||||s|||||000 | eng d aPGUSAbeng adc1 aHakluyt, Richard,d-161614aThe Principal Navigations, Voyages, Traffiques, and Discoveries of the English Nation, Volume XIV (of 16) :bAmerica, Part IIIh[electronic resource] /cRichard Hakluyt bProject Gutenberg,c2012 aPublic domain in the USA. aElectronic text1 aGoldsmid, Edmund 0aProject Gutenbergv4080340uhttp://www.gutenberg.org/ebooks/40803